France ou Allemagne ? - Statistiques

Statistiques générales
  • Ce quiz a été pris 38 fois
    33 depuis la dernière actualisation
  • Le résultat moyen est 26 sur 49
Statistiques - réponses
Hint Réponse % Correct
Gelsenkirchen Allemagne
80%
Sternberg Allemagne
80%
Babenhausen Allemagne
80%
Warstein Allemagne
77%
Neubulach Allemagne
77%
Greifswald Allemagne
73%
Eichstätt Allemagne
73%
Braubach Allemagne
73%
Dornstetten Allemagne
73%
Alsdorf Allemagne
70%
Waldkirchen Allemagne
70%
Hitzacker Allemagne
70%
Maulbronn Allemagne
70%
Speyer Allemagne
67%
Rastatt Allemagne
63%
Kirchberg Allemagne
63%
Steinach Allemagne
63%
Obenheim France
63%
Lauterstein Allemagne
60%
Ingelfingen Allemagne
60%
Adenau Allemagne
60%
Gertwiller France
60%
Holtzheim France
57%
Bergheim Allemagne
53%
Klingenthal Allemagne
53%
Steinbach Allemagne
53%
Ingwiller France
53%
Eschweiler Allemagne
50%
Merzig Allemagne
50%
Erstein France
50%
Mittelbergheim France
50%
Crastatt France
47%
Mittlach France
47%
Burbach France
47%
Andlau France
47%
Ostwald France
43%
Kirchheim France
43%
Mutzig France
43%
Linthal France
40%
Diedendorf France
37%
Pfalsweyer France
37%
Dachstein France
33%
Bosselshausen France
30%
Lupstein France
23%
Stattmatten France
23%
Dauendorf France
20%
Oderbronn France
20%
Zehnacker France
17%
Wolfskirchen France
13%
Aucun quiz correspondant
Distribution des résultats
% des personnes avec chaque résultat
Percentile par nombre de réponses
Votre historique - résultats
Vous n’avez pas pris ce quiz depuis la dernière actualisation